000
00286nam a22001217a 4500
082
_a
001
_b
RAD/M
100
_a
RADHAKRISHNAN, V K
245
_a
MANAGEMENT OF LEARNING DISABILITIES
260
_a
KOTTAYAM
_b
INSPIRE TRUST
_c
2010
300
_a
63
650
_a
PSYCHOLOGY
_z
KERALA
942
_c
BK
999
_c
5593
_d
5593